000 00635nam a2200169Ia 4500
008 090711s9999 xx 000 0 und d
082 _b65013
100 _aमहाजन नीळकंठ
245 _aब्रेव्ह पँथर आणि दोन एकांकिका
260 _c1989
300 _a101
600 _aमहाजन नीळकंठ
630 _aब्रेव्ह पँथर आणि दोन एकांकिका
700 _aमहाजन नीळकंठ
730 _aब्रेव्ह पँथर आणि दोन एकांकिका
942 _cBOOK
999 _c307974
_d307974